Fidel Gamboa

Đã lưu trong:
Chi tiết về thư mục
Tác giả chính: Rojas González, José Manuel
Định dạng: Không biết
Được phát hành: San José, Costa Rica: Editorial de la Universidad Estatal a Distancia,
Những chủ đề:
Các nhãn: Thêm thẻ
Không có thẻ, Là người đầu tiên thẻ bản ghi này!

MARC

LEADER 000000000a22000000004500
001 000736
022 |a 1013-9060 
041 0 |a español 
100 1 |a Rojas González, José Manuel 
245 1 0 |a Fidel Gamboa 
260 |a San José, Costa Rica:   |b Editorial de la Universidad Estatal a Distancia, 
650 4 |a MUSICA 
650 4 |a MUSICOS COSTARRICENSES 
773 0 |t Revista Nacional de Cultura 
773 0 |g 27 
773 0 |g 1995 
773 0 |g 36-39 
999 |c 949  |d 949